Historia antigua de México, sacada de los mejores historiadores españoles, y de manuscritos y pinturas antiguas de los indios (Record no. 10479)

MARC details
000 -CABECERA
campo de control de longitud fija 01182nam a2200253 a 4500
001 - NÚMERO DE CONTROL
campo de control BRL_1670
005 - FECHA Y HORA DE LA ÚLTIMA TRANSACCIÓN
campo de control 20190320211321.0
008 - DATOS DE LONGITUD FIJA--INFORMACIÓN GENERAL
campo de control de longitud fija 230414s1974----mx-a######---#000-0#spa-#
041 ## - CÓDIGO DE LENGUA
Código de lengua del texto/banda sonora o título independiente spa
044 ## - CÓDIGO DEL PAÍS DE LA ENTIDAD EDITORA/PRODUCTORA
Código MARC del país mx
050 #4 - SIGNATURA TOPOGRÁFICA DE LA BIBLIOTECA DEL CONGRESO
Número de clasificación F1219
Número de documento/Ítem .C53 1974
100 1# - ENTRADA PRINCIPAL--NOMBRE DE PERSONA
Nombre de persona Clavijero, Francisco Javier
9 (RLIN) 15721
245 10 - MENCIÓN DE TÍTULO
Título Historia antigua de México, sacada de los mejores historiadores españoles, y de manuscritos y pinturas antiguas de los indios
Resto del título dividida en diez libros. Adornada de cartas geográficas y litografías; con disertaciones sobre la tierra, animales y los habitantes de Méjico
Mención de responsabilidad, etc. obra escrita en italiano por el abate don Francisco Javier Clavijero ; traducida por Francisco Pablo Vázquez.
260 ## - PUBLICACIÓN, DISTRIBUCIÓN, ETC.
Lugar de publicación, distribución, etc. México
Nombre del editor, distribuidor, etc. Editorial del Valle de México
Fecha de publicación, distribución, etc. 1974
300 ## - DESCRIPCIÓN FÍSICA
Extensión x, 439 p.
Otras características físicas il., mapas
Dimensiones 28 cm.
500 ## - NOTA GENERAL
Nota general Au1853
500 ## - NOTA GENERAL
Nota general Ver también los numeros de sistema 6264, 4060 y 3729 pertenecientes al Fondo General Franz Mayer
650 14 - PUNTO DE ACCESO ADICIONAL DE MATERIA--TÉRMINO DE MATERIA
Término de materia o nombre geográfico como elemento de entrada Indígenas de México
9 (RLIN) 4678
651 #4 - PUNTO DE ACCESO ADICIONAL DE MATERIA--NOMBRE GEOGRÁFICO
Nombre geográfico México
Subdivisión general Historia
Subdivisión cronológica Hasta 1519
9 (RLIN) 9704
651 #4 - PUNTO DE ACCESO ADICIONAL DE MATERIA--NOMBRE GEOGRÁFICO
Nombre geográfico México
Subdivisión general Historia
Subdivisión cronológica Conquista, 1519-1540
9 (RLIN) 442
700 1# - PUNTO DE ACCESO ADICIONAL--NOMBRE DE PERSONA
Nombre de persona Vázquez, Francisco Pablo
Término indicativo de función/relación tr.
9 (RLIN) 27589
902 ## - CATALOGADOR
Iniciales GRL
942 ## - ELEMENTOS DE PUNTO DE ACCESO ADICIONAL (KOHA)
Fuente del sistema de clasificación o colocación Library of Congress Classification
Tipo de ítem Koha Libros
Holdings
Estado de retiro Estado de pérdida Estado dañado No para préstamo Localización permanente Ubicación/localización actual Fecha de adquisición Número de inventario Total de préstamos Signatura topográfica completa Código de barras Fecha visto por última vez Precio válido a partir de Tipo de ítem Koha
El ejemplar forma parte de la colección y puede ser consultado según las políticas vigentes.       Biblioteca Centro de Estudios Ruth D. Lechuga Biblioteca Centro de Estudios Ruth D. Lechuga 23/04/2014 Au1853   F1219 .C53 1974 (Au1853) GRL01840 22/03/2019 22/03/2019 Libros